000 00305nam a2200121Ia 4500
008 191201s2012 xx 000 0 und d
100 _aWALKENBACH, John
245 0 _aMicrosoft excel 2010 Bible
250 _aRep
260 _c2012
_bWiley Dreautech India
_aNEW DELHI
300 _a1006
942 _2ddc
_cBK
_09
999 _c7832
_d7832